003250000a2200073000450024501410000004100140014110000330015577300630018810aAnálisis del crecimiento diametrico de Prioria copaifera en condiciones naturales por medio de un modelo matemático determinístico0 aEspañol1 aGonzález Pérez, Humberto1 tCrónica Forestal y del Medio Ambienteh10q101-120d1995